The Success of 7eleven Japan : discovering the secrets of the world`s best-run convenience chain stores.

Bibliographic Details
Main Author: Ishikawa
Other Authors: Nejo,
Format: Book
Published: New Jersey: World Scientific, 2007.
Subjects:
LEADER 00684cam a2200205 7i4500
001 0000025207
005 20101206090000.0
020 0 0 |a 9812380302  
090 0 0 |a B 658.8   |b ISH 
100 1 0 |a Ishikawa  
245 1 4 |a The Success of 7eleven Japan :   |b discovering the secrets of the world`s best-run convenience chain stores. 
260 0 0 |a New Jersey:   |b World Scientific,   |c 2007. 
300 # # |a 134 p. 
650 0 0 |a Brand name product --   |x Management  
650 0 0 |a 7eleven --   |x Japan  
650 0 0 |a 7eleven --   |x Management  
650 0 0 |a Branding --   |x Management  
651 0 0 |a Convenience chain store --   |z Japan  
700 1 1 |a Nejo,   |h Tai  
999 |a B000027963  |b Book  |c Book  |e Business Information Centre